000 00968nam0a22002771 4500
001 RU\NLR\INFOCOMM_223\5000045495
005 20250613094032.0
035 _a(NLR Aleph) 009236513
090 _a8898635
_c8898635
100 _a20100629d1988 |||y0rusy50 ca
101 1 _aeng
_crus
102 _aRU
105 _aa ||||000|y
200 1 _aˆThe ‰orbits of the global economy
_fVladislav Dadayan
_g[Transl. from the Russ. by Steven Smith]
210 _aΜ.
_cProgress
_d1988
215 _a245 с.
_cил.
_d22 см
300 _aНа обороте тит. л.: Орбиты планетарной экономики / Владислав Дадаян
606 _aМировое хозяйство
_2nlr_sh1
686 _aУ03(0)
_2rubbk
700 1 _9z01790
_aDadajan
_bV. S.
_gVladislav Surenovič
_4070
790 1 _9z01700
_aDadayan
_bV. S.
_4070
801 1 _aRU
_bNLR
_c20100629
801 0 _aRU
_bNLR
_gPSBO
852 _aNLR
_jЭк21 Д-5/742
942 _cBOOK
980 _aNB